000 01111nam a2200277 a 4500
001 000007586
005 20240412074205.0
008 090909s2005 dr a 000 0 spa d
040 _aDO-SdBNP
_bspa
_cBNPHU
082 _aRD860.5
_bB483e
100 1 _aBeras, Vicente,
_d1967-
_9683
245 1 0 _aEscritos :
_bcuentos, poemas, ensayos, monólogos /
_cVicente Beras, Félix Rodríguez, Bienvenido Mercedes ; ilustraciones Luis Santana, Santiago Feliciano.
260 _aSanto Domingo :
_bInstituto Politécnico Fabio Amable Mota promoción STRONG 2004-2005,
_c2005.
300 _a77 P. :
_bil. ;
_c21 cm.
500 _aIncluye datos biográficos del autor.
590 _aLa biblioteca posee un ejemplar autografíado por el autor.
590 _aInventariado, 2018/LP
650 0 _aLiteratura dominicana.
_967
650 0 _aCuentos dominicanos
_9176
650 0 _aPoesía dominicana
_966
700 1 _aRodríguez, Félix
_921046
700 1 _aMercedes, Bienvenido
_921047
700 1 _aSantana, Luis,
_eil.
_921048
700 1 _aFeliciano, Santiago,
_eil.
_921049
910 _aValidado. Control de calidad BNPHU.
999 _c7366
_d7366